000 00331nam a22001217a 4500
999 _c66716
_d66713
082 _aR/4CE16
100 _aSamiullah
_a16CE63
245 _aFinite Element Analysis of Shallow Foundation on Silty Soil Stabilized
260 _aNawabshah
_bQUEST
_c2019
300 _a31
700 _aDepartment of Civil Engineering
942 _cTHESIS